[Event "Epinal-Strasbourg II"]
[Site "Strasbourg"]
[Date "2007.10.21"]
[Round "1.1"]
[White "Murtez, Hondozi"]
[Black "Horvath, Laszlo"]
[Result "1-0"]
[WhiteElo "2316"]
[BlackElo "2237"]
[PlyCount "50"]
[EventDate "2007.10.21"]
[SourceDate "2007.10.27"]

1. e4 Nf6 2. e5 Nd5 3. d4 d6 4. exd6 exd6 5. c4 Nb6 6. Nf3 Nc6 7. Be2 Be7 8.
O-O Bf5 9. a3 O-O 10. Be3 Bf6 11. Nc3 Ne7 12. Rc1 c6 13. h3 Bg6 14. g4 Nec8 15.
Bf4 Be7 16. b4 a6 17. c5 Nd7 18. Re1 d5 19. Bd3 Nf6 20. Bxg6 hxg6 21. Qd3 Kh7
22. Ng5+ Kh8 23. Re2 Na7 24. Na4 Nc8 25. Rce1 {suite illisible} 25... Bxc5 1-0

[Event "Epinal-Strasbourg II"]
[Site "Strasbourg"]
[Date "2007.10.21"]
[Round "1.2"]
[White "Letzelter, Jean Claude"]
[Black "Salihu, Sami"]
[Result "0-1"]
[WhiteElo "2189"]
[BlackElo "2209"]
[PlyCount "31"]
[EventDate "2007.10.21"]
[SourceDate "2007.10.27"]

1. e4 c5 2. Nf3 Nc6 3. Bb5 e6 4. O-O Qc7 5. Re1 Nd4 6. Bf1 g6 7. c3 Nxf3+ 8.
Qxf3 Bg7 9. d3 Ne7 10. Bf4 d6 11. Na3 a6 12. d4 cxd4 13. cxd4 Bxd4 14. Rac1 Nc6
15. Nc4 e5 16. Be3 {suite illisible} 0-1

[Event "Epinal-Strasbourg II"]
[Site "Strasbourg"]
[Date "2007.10.21"]
[Round "1.3"]
[White "Adrian, Claude"]
[Black "Schwicker, Francois"]
[Result "1-0"]
[WhiteElo "2279"]
[BlackElo "2235"]
[PlyCount "77"]
[EventDate "2007.10.21"]
[SourceDate "2007.10.27"]

1. c4 e6 2. g3 d5 3. d4 c5 4. cxd5 exd5 5. Nf3 Nc6 6. Bg2 c4 7. O-O Bb4 8. b3
cxb3 9. Qxb3 Nge7 10. Ba3 Bxa3 11. Qxa3 O-O 12. Nc3 Bf5 13. Rac1 Qd7 14. Rfd1
Rfd8 15. Ne5 Nxe5 16. dxe5 Qe6 17. f4 f6 18. Nb5 fxe5 19. Nc7 Qb6+ 20. Kh1 Ng6
21. Nxa8 Rxa8 22. Qc5 exf4 23. Bxd5+ Kh8 24. Qxb6 axb6 25. Bxb7 Rb8 26. Bf3 h6
27. Rd6 fxg3 28. hxg3 Ne5 29. Rcd1 Nxf3 30. Rd8+ Rxd8 31. Rxd8+ Kh7 32. exf3
Be6 33. a3 b5 34. Rd6 Bc4 35. f4 h5 36. Kg2 g6 37. Kh3 Bb3 38. Kh4 Kh6 39. f5
1-0

[Event "Epinal-Strasbourg II"]
[Site "Strasbourg"]
[Date "2007.10.21"]
[Round "1.4"]
[White "Ricter, Jean Paul"]
[Black "Cordier, Arnaud"]
[Result "0-1"]
[WhiteElo "2170"]
[BlackElo "2144"]
[PlyCount "34"]
[EventDate "2007.10.21"]
[SourceDate "2007.10.27"]

1. c4 Nf6 2. g3 g6 3. Bg2 Bg7 4. Nc3 O-O 5. d3 d6 6. e4 c5 7. Nge2 Nc6 8. O-O
Rb8 9. f4 a6 10. h3 Bd7 11. Be3 b5 12. b3 b4 13. Na4 Ne8 14. d4 cxd4 15. Nxd4
Nc7 16. Rc1 Nxd4 17. Bxd4 Ne6 {suie illisible} 0-1

[Event "Epinal-Strasbourg II"]
[Site "Strasbourg"]
[Date "2007.10.21"]
[Round "1.5"]
[White "Bakalarz, Grazyna"]
[Black "Rocher, Olivier"]
[Result "1-0"]
[WhiteElo "2043"]
[BlackElo "2140"]
[PlyCount "79"]
[EventDate "2007.10.21"]
[SourceDate "2007.10.27"]

1. d4 Nf6 2. Nf3 g6 3. Bg5 Bg7 4. Nbd2 d5 5. c3 O-O 6. e3 c6 7. Be2 Qb6 8. Qb3
Nbd7 9. h3 Re8 10. Bf4 Ne4 11. Nxe4 dxe4 12. Nd2 e5 13. dxe5 Bxe5 14. Bxe5 Rxe5
15. Qc2 Re7 16. Nxe4 Rxe4 17. Qxe4 Qxb2 18. Rd1 Qxc3+ 19. Kf1 Nf6 20. Rd8+ Kg7
21. Qe7 Qc1+ 22. Rd1 Qc2 23. g4 Nd5 24. Qe5+ f6 25. Qd4 Be6 26. Rd2 Qc3 27. Bf3
Qxd4 28. Rxd4 Kf7 29. Kg2 Rc8 30. Rc1 b6 31. Bxd5 cxd5 32. Rxc8 Bxc8 33. Rxd5
Bb7 34. e4 Bxd5 35. exd5 Ke7 36. Kf3 Kd6 37. Ke4 h6 38. h4 a6 39. f3 b5 40. h5
1-0

[Event "Epinal-Strasbourg II"]
[Site "Strasbourg"]
[Date "2007.10.21"]
[Round "1.6"]
[White "Lens, Matthias"]
[Black "Grenouilloux, Alain"]
[Result "1-0"]
[WhiteElo "2055"]
[BlackElo "2130"]
[PlyCount "101"]
[EventDate "2007.10.21"]
[SourceDate "2007.10.27"]

1. c4 Nf6 2. Nc3 d5 3. cxd5 Nxd5 4. d4 g6 5. e4 Nxc3 6. bxc3 Bg7 7. Bc4 c5 8.
Be3 Nc6 9. Ne2 cxd4 10. cxd4 O-O 11. O-O Na5 12. Bd3 Nc6 13. d5 Nb4 14. Rb1
Nxd3 15. Qxd3 Qa5 16. Nd4 a6 17. Rfc1 Qd8 18. Qa3 Re8 19. Nb5 Be5 20. f4 Bd6
21. Nxd6 exd6 22. Qd3 Qe7 23. Rb4 f5 24. e5 dxe5 25. d6 Qe6 26. Rc7 exf4 27.
Bd2 Rd8 28. Qd4 Rd7 29. Rbc4 Qxd6 30. Rxc8+ Rxc8 31. Rxc8+ Kf7 32. Qxd6 Rxd6
33. Bxf4 Rd7 34. Rc7 Rxc7 35. Bxc7 g5 36. Kf2 Ke6 37. Bd8 h6 38. h4 gxh4 39.
Bxh4 b5 40. Ke3 Ke5 41. Be1 Kf6 42. Kf4 Kg6 43. Bc3 h5 44. g3 h4 45. gxh4 Kh5
46. Be1 b4 47. Kxf5 a5 48. Ke4 a4 49. Kd3 Kg4 50. Kc4 b3 51. axb3 1-0

[Event "Epinal-Strasbourg II"]
[Site "Strasbourg"]
[Date "2007.10.21"]
[Round "1.7"]
[White "Baujard, Anne"]
[Black "Ouadi, Ali"]
[Result "1-0"]
[WhiteElo "1926"]
[BlackElo "1936"]
[PlyCount "125"]
[EventDate "2007.10.21"]
[SourceDate "2007.10.27"]

1. c4 c6 2. g3 Nf6 3. Bg2 d5 4. b3 dxc4 5. bxc4 Qd4 6. Nc3 Qxc4 7. Ba3 Bf5 8.
Nf3 Nbd7 9. O-O Qa6 10. Qb3 Be6 11. Qb2 Qb6 12. Rab1 Qxb2 13. Rxb2 Nb6 14. Bc5
Nfd7 15. Be3 Bc4 16. Bxb6 Nxb6 17. Ne5 O-O-O 18. Bh3+ Kc7 19. d3 f6 20. Nxc4
Nxc4 21. dxc4 Rd4 22. Rfb1 b6 23. Be6 Rd6 24. Bh3 Rd4 25. c5 b5 26. Rd1 e5 27.
Rxd4 exd4 28. Ne4 Be7 29. Rc2 Rd8 30. Nd2 a5 31. Bf5 Rd5 32. Bxh7 Rxc5 33. Nb3
Rxc2 34. Bxc2 c5 35. Kg2 a4 36. Nd2 Kd6 37. Kf3 c4 38. Ke4 Kc5 39. Nf3 a3 40.
Nxd4 Kb4 41. Kd5 Bc5 42. Nc6+ Kc3 43. Kxc5 Kxc2 44. Kb4 Kb2 45. Nd4 c3 46. e4
c2 47. Nxc2 Kxc2 48. Kxa3 Kc3 49. f4 Kd4 50. Kb4 Kxe4 51. Kxb5 Kf3 52. a4 Kg2
53. a5 Kxh2 54. a6 Kxg3 55. a7 Kxf4 56. a8=Q g5 57. Qg2 f5 58. Kc4 g4 59. Kd4
g3 60. Kd3 Kg4 61. Ke3 f4+ 62. Ke4 Kg5 63. Kf3 1-0

[Event "Epinal-Strasbourg II"]
[Site "Strasbourg"]
[Date "2007.10.21"]
[Round "1.8"]
[White "Muller, Marion"]
[Black "Simon, Edouard"]
[Result "0-1"]
[WhiteElo "1728"]
[BlackElo "1975"]
[PlyCount "118"]
[EventDate "2007.10.21"]
[SourceDate "2007.10.27"]

1. e4 c5 2. Nf3 d6 3. d4 cxd4 4. Nxd4 Nf6 5. Nc3 g6 6. Be2 Bg7 7. O-O Nc6 8.
Nb3 O-O 9. Re1 Be6 10. Bf1 a6 11. Nd5 Rc8 12. c3 Ne5 13. Bg5 Bxd5 14. exd5 Re8
15. h3 b5 16. a4 Nc4 17. Bxc4 bxc4 18. Nc1 Qa5 19. Bxf6 Bxf6 20. Na2 Qb6 21.
Rb1 a5 22. b4 cxb3 23. Rxb3 Qa6 24. Qe2 Qxe2 25. Rxe2 Rc4 26. Ra3 Rb8 27. f3
Rc5 28. Rd2 Rb1+ 29. Kf2 Bg5 30. Rd4 Ra1 31. f4 Bf6 32. Rd3 Bxc3 33. Raxc3
Rxa2+ 34. Kf3 Rxa4 35. Rb3 Rb4 36. Rxb4 axb4 37. Rb3 Rc4 38. Ke3 h5 39. g3 f5
40. Kd3 Re4 41. Kc2 h4 42. Rf3 hxg3 43. Rxg3 Kf7 44. Rf3 e5 45. dxe6+ Kxe6 46.
Rg3 Kf6 47. Rd3 Rxf4 48. Rxd6+ Kg5 49. Rd8 Rh4 50. Rd3 Rc4+ 51. Kd2 Kh4 52. Rb3
g5 53. Ke2 f4 54. Kf2 Rc2+ 55. Kg1 Rc3 56. Rxb4 Kxh3 57. Rb2 f3 58. Rb5 g4 59.
Rb8 Kg3 0-1

[Event "Mundolsheim-Vandoeuvre II"]
[Site "Vandoeuvre"]
[Date "2007.10.21"]
[Round "1.1"]
[White "Kunin, Vitaly"]
[Black "Iglesias, Joachim"]
[Result "1-0"]
[WhiteElo "2507"]
[BlackElo "2127"]
[PlyCount "45"]
[EventDate "2007.10.21"]
[SourceDate "2007.10.27"]

1. d4 d5 2. c4 Nc6 3. cxd5 Qxd5 4. e3 e5 5. Nc3 Bb4 6. Bd2 Bxc3 7. bxc3 Nge7 8.
c4 Qd6 9. d5 Nb8 10. Rb1 Na6 11. Nf3 c6 12. e4 Rb8 13. Bc3 f6 14. g3 Bg4 15.
Bg2 O-O 16. O-O Rfc8 17. Qd2 Nc5 18. Nxe5 fxe5 19. Qg5 Be2 20. Bxe5 Qg6 21.
Qxe7 Bxf1 22. Rxf1 Re8 23. Qxc5 1-0

[Event "Mundolsheim-Vandoeuvre II"]
[Site "Vandoeuvre"]
[Date "2007.10.21"]
[Round "1.2"]
[White "Julian, Stephane"]
[Black "Anka, Emil"]
[Result "0-1"]
[WhiteElo "2156"]
[BlackElo "2407"]
[PlyCount "54"]
[EventDate "2007.10.21"]
[SourceDate "2007.10.27"]

1. e4 c5 2. Nf3 d6 3. d4 cxd4 4. Nxd4 Nf6 5. Nc3 g6 6. Be3 Bg7 7. f3 O-O 8. Bc4
Nc6 9. Qd2 Bd7 10. h4 Rc8 11. Bb3 Ne5 12. Bh6 Bxh6 13. Qxh6 Qa5 14. Qe3 Nc4 15.
Bxc4 Rxc4 16. h5 Nxh5 17. O-O-O Rxc3 18. bxc3 Nf6 19. g4 Rc8 20. Rd3 Qxa2 21.
Qh6 Qa5 22. Ne2 Bb5 23. Rd5 Qa3+ 24. Kd2 Bxe2 25. Kxe2 Qxc3 26. Rd2 Qe5 27. Kf1
Rc3 0-1

[Event "Mundolsheim-Vandoeuvre II"]
[Site "Vandoeuvre"]
[Date "2007.10.21"]
[Round "1.3"]
[White "Peter, Sebastien"]
[Black "Klipper, Rebecca"]
[Result "1-0"]
[WhiteElo "2292"]
[BlackElo "2069"]
[PlyCount "83"]
[EventDate "2007.10.21"]
[SourceDate "2007.10.27"]

1. e4 c5 2. Nf3 g6 3. c4 Nc6 4. d4 cxd4 5. Nxd4 Bg7 6. Be3 Nf6 7. Nc3 Ng4 8.
Qxg4 Nxd4 9. Qd1 Nc6 10. Qd2 Qa5 11. Rc1 d6 12. Be2 Be6 13. O-O O-O 14. b3 Kh8
15. Rfd1 Rac8 16. Nd5 Qxd2 17. Rxd2 f5 18. exf5 gxf5 19. f4 Bxd5 20. Rxd5 Bb2
21. Rb1 Ba3 22. Bf3 b6 23. Kh1 Bc5 24. Bd2 e6 25. Bc3+ Kg8 26. Rd3 a5 27. Bxc6
Rxc6 28. Rg3+ Kf7 29. Rg7+ Ke8 30. Re1 Rf7 31. Rxe6+ Kf8 32. Rxf7+ Kxf7 33.
Rf6+ Kg8 34. Rxf5 Rc7 35. h4 Re7 36. h5 h6 37. Rf6 Kh7 38. f5 Re4 39. a3 Re3
40. Bd2 Rxb3 41. Rxh6+ Kg7 42. Rg6+ 1-0

[Event "Mundolsheim-Vandoeuvre II"]
[Site "Vandoeuvre"]
[Date "2007.10.21"]
[Round "1.4"]
[White "Bauer, Laurent"]
[Black "Schneider, Heiko"]
[Result "0-1"]
[WhiteElo "2074"]
[BlackElo "2187"]
[PlyCount "54"]
[EventDate "2007.10.21"]
[SourceDate "2007.10.27"]

1. c4 Nf6 2. Nc3 d5 3. cxd5 Nxd5 4. g3 g6 5. Bg2 Nxc3 6. bxc3 Bg7 7. Nf3 O-O 8.
O-O c5 9. Qc2 c4 10. Qe4 Qc7 11. Nd4 a6 12. f4 Re8 13. f5 Nd7 14. g4 e5 15.
fxe6 fxe6 16. Nc2 Nf6 17. Qf3 Rb8 18. h3 Bd7 19. Ba3 Qe5 20. Qe3 Nd5 21. Qf3
Qf6 22. Qe4 Qg5 23. Rad1 Ba4 24. Rde1 Qxd2 25. Rd1 Bxc2 26. Rxd2 Bxe4 27. Bxe4
Bh6 0-1

[Event "Mundolsheim-Vandoeuvre II"]
[Site "Vandoeuvre"]
[Date "2007.10.21"]
[Round "1.6"]
[White "Perot, Gerard"]
[Black "Hoffmann, Regis"]
[Result "0-1"]
[WhiteElo "1960"]
[BlackElo "2116"]
[PlyCount "80"]
[EventDate "2007.10.21"]
[SourceDate "2007.10.27"]

1. d4 d6 2. c4 g6 3. e4 Bg7 4. Nc3 Nc6 5. Be3 e5 6. Nge2 exd4 7. Nxd4 Nge7 8.
Qd2 O-O 9. Be2 a6 10. O-O f5 11. f3 f4 12. Bf2 Na5 13. Rac1 g5 14. Nd5 c5 15.
Nc2 Be6 16. Ne1 Nxd5 17. exd5 Bf5 18. Nd3 Qd7 19. Ne5 Bxe5 20. b3 Qg7 21. Bd3
h5 22. Bxf5 Rxf5 23. Qd3 Raf8 24. Be1 Bd4+ 25. Kh1 Re5 26. Bc3 Bxc3 27. Qxc3
Rfe8 28. h3 Re2 29. Qd3 Qf6 30. Ra1 R8e3 31. Qd1 Qb2 32. Rg1 Rd2 33. Qf1 Rf2
34. Qb1 Qxb1 35. Raxb1 Rxa2 36. Rbe1 Rb2 37. Rxe3 fxe3 38. Re1 Rxb3 39. Kg1 b5
40. cxb5 axb5 0-1

[Event "Mundolsheim-Vandoeuvre II"]
[Site "Vandoeuvre"]
[Date "2007.10.21"]
[Round "1.7"]
[White "Martin, Cedric"]
[Black "Vigneron, Jean"]
[Result "1-0"]
[WhiteElo "2091"]
[BlackElo "1940"]
[PlyCount "111"]
[EventDate "2007.10.21"]
[SourceDate "2007.10.27"]

1. e4 d5 2. exd5 Qxd5 3. Nc3 Qa5 4. Bc4 Bf5 5. d3 e6 6. Bd2 c6 7. Qe2 Nf6 8.
O-O-O Nbd7 9. h3 h5 10. Nf3 Qc7 11. Nd4 g6 12. Bg5 O-O-O 13. f3 Qg3 14. Qd2 Qe5
15. Nde2 h4 16. f4 Qa5 17. Qe1 Bg7 18. Bxh4 Nb6 19. Bb3 g5 20. Bxg5 Rd7 21. g4
Bg6 22. Bxf6 Bxf6 23. h4 Qc5 24. h5 Bh7 25. Qg1 Qa5 26. d4 Nd5 27. g5 Bg7 28.
g6 fxg6 29. hxg6 Bg8 30. Rxh8 Bxh8 31. Ne4 Qc7 32. Bxd5 cxd5 33. Nc5 Re7 34.
Nd3 Bf6 35. Ng3 Qd8 36. Nh5 Rc7 37. c3 Qf8 38. Kb1 Be7 39. Qg4 Kb8 40. Ne5 Bd6
41. Re1 Be7 42. Nf3 Qc8 43. Ng5 Rc6 44. Re3 Rb6 45. Qg3 Qc7 46. Nf3 Ba3 47. b3
a5 48. Nf6 a4 49. Nd2 axb3 50. axb3 Bd6 51. Rf3 Qd8 52. Nxg8 Qxg8 53. Qg5 Bf8
54. Rh3 e5 55. Qxe5+ Ka7 56. f5 1-0

[Event "Mundolsheim-Vandoeuvre II"]
[Site "Vandoeuvre"]
[Date "2007.10.21"]
[Round "1.8"]
[White "Rault, Adrien"]
[Black "Bodlenner, Camille"]
[Result "0-1"]
[WhiteElo "1980"]
[BlackElo "1872"]
[PlyCount "68"]
[EventDate "2007.10.21"]
[SourceDate "2007.10.27"]

1. d4 f5 2. c4 g6 3. Nc3 Bg7 4. e4 d6 5. f3 e6 6. Bf4 Qe7 7. Qd2 Nf6 8. O-O-O
fxe4 9. fxe4 Nc6 10. Nf3 O-O 11. Bg5 Qd7 12. Bd3 a5 13. h4 Ng4 14. d5 Nce5 15.
Rdf1 Nxd3+ 16. Qxd3 e5 17. h5 h6 18. Bd2 g5 19. Nxg5 Rxf1+ 20. Qxf1 hxg5 21.
Bxg5 Bh6 22. Bxh6 Nxh6 23. Qf6 Qg7 24. Qxg7+ Kxg7 25. Nb5 Bg4 26. Kd2 Rf8 27.
Ke3 Rf7 28. a3 Rd7 29. b4 axb4 30. axb4 b6 31. Ra1 Bxh5 32. Ra7 Ng4+ 33. Kd2
Nf6 34. Nxc7 Kf7 0-1

[Event "Grenoble-Besancon TPG II"]
[Site "Grenoble"]
[Date "2007.10.21"]
[Round "1.1"]
[White "Rodrigues, Emmanuel"]
[Black "Sermier, Alain"]
[Result "1-0"]
[WhiteElo "2126"]
[BlackElo "2099"]
[PlyCount "123"]
[EventDate "2007.10.21"]
[SourceDate "2007.10.27"]

1. e4 e5 2. Nf3 Nc6 3. Bc4 Bc5 4. O-O d6 5. c3 Qe7 6. d4 Bb6 7. Ng5 Nh6 8. Be3
Bd7 9. f4 O-O-O 10. fxe5 Nxe5 11. Bb3 f6 12. Nf3 Nhg4 13. Bf2 Nxf2 14. Rxf2 Ng4
15. Re2 Rhe8 16. Nbd2 Ne5 17. Kh1 Nxf3 18. Nxf3 g5 19. Qd3 h5 20. Nd2 f5 21.
Rae1 f4 22. e5 Bg4 23. Nf3 d5 24. Rf2 Qg7 25. Bc2 Bxf3 26. Rxf3 c5 27. Rd1 Rf8
28. Rf2 cxd4 29. cxd4 Qe7 30. a3 h4 31. Qh3+ Kb8 32. Bb3 Rc8 33. Rc2 Qg7 34.
Rxc8+ Rxc8 35. Qf3 g4 36. Qxf4 Rf8 37. Qe3 g3 38. Bxd5 Rf2 39. Bf3 Rxb2 40. e6
Qe7 41. Qe5+ Bc7 42. Qh8+ Bd8 43. d5 Rb6 44. Qe5+ Bc7 45. Qh8+ Bd8 46. a4 gxh2
47. Kxh2 a5 48. Kh1 Ka7 49. Qd4 Bc7 50. Rb1 Qd6 51. Qg1 Qh2+ 52. Qxh2 Rxb1+ 53.
Qg1+ Rxg1+ 54. Kxg1 Bd6 55. Kf2 Kb6 56. Ke3 Kc5 57. Ke4 Bf8 58. Ke5 b5 59. axb5
a4 60. Bd1 Bd6+ 61. Kf6 a3 62. Bb3 1-0

[Event "Grenoble-Besancon TPG II"]
[Site "Grenoble"]
[Date "2007.10.21"]
[Round "1.2"]
[White "Pellisseri, Michel"]
[Black "Debray, Francois"]
[Result "1-0"]
[WhiteElo "2088"]
[BlackElo "2157"]
[PlyCount "73"]
[EventDate "2007.10.21"]
[SourceDate "2007.10.27"]

1. d4 Nf6 2. c4 g6 3. Nc3 Bg7 4. e4 d6 5. Nf3 O-O 6. Be2 e5 7. O-O Nc6 8. d5
Ne7 9. Ne1 Ne8 10. Nd3 f5 11. Bd2 Nf6 12. f3 Rf7 13. g4 b6 14. Be3 Qf8 15. Kg2
h6 16. h3 fxe4 17. fxe4 g5 18. Nf2 Ng6 19. Nh1 Nf4+ 20. Kh2 Bd7 21. Ng3 Bh8 22.
Bf3 h5 23. Bxf4 exf4 24. Nf5 hxg4 25. hxg4 Bxf5 26. exf5 Qh6+ 27. Kg2 Qh4 28.
Qe1 Nxg4 29. Qxh4 Ne3+ 30. Kh3 gxh4 31. Rg1+ Kf8 32. Ne4 Nxf5 33. Ng5 Bxb2 34.
Rae1 Nd4 35. Ne6+ Ke7 36. Nxd4+ Kd7 37. Bg4+ 1-0

[Event "Grenoble-Besancon TPG II"]
[Site "Grenoble"]
[Date "2007.10.21"]
[Round "1.3"]
[White "Chevant, Louis"]
[Black "Pellaton, Bernard"]
[Result "1/2-1/2"]
[WhiteElo "2199"]
[BlackElo "2066"]
[PlyCount "62"]
[EventDate "2007.10.21"]
[SourceDate "2007.10.27"]

1. Nf3 Nf6 2. c4 e6 3. g3 b6 4. Bg2 Bb7 5. O-O Be7 6. d4 d5 7. Ne5 O-O 8. Nc3
Nbd7 9. Bf4 c5 10. cxd5 exd5 11. Qa4 cxd4 12. Nxd7 Nxd7 13. Qxd4 Bf6 14. Qd2
Bxc3 15. Qxc3 Rc8 16. Qa3 a5 17. Rfd1 Nc5 18. b4 Ne6 19. Be5 Qg5 20. f4 Qe7 21.
Bxd5 axb4 22. Qe3 Bxd5 23. Rxd5 Nc5 24. Qd4 Rfe8 25. Re1 f6 26. Bd6 Qe3+ 27.
Qxe3 Rxe3 28. Rd4 b3 29. axb3 Rxb3 30. Rc4 Rc6 31. Bxc5 Rxc5 1/2-1/2

[Event "Grenoble-Besancon TPG II"]
[Site "Grenoble"]
[Date "2007.10.21"]
[Round "1.4"]
[White "Lozac'hmeur, Yann"]
[Black "Prost, Frederic"]
[Result "1-0"]
[WhiteElo "2052"]
[BlackElo "2099"]
[PlyCount "77"]
[EventDate "2007.10.21"]
[SourceDate "2007.10.27"]

1. d4 e6 2. c4 b6 3. Nc3 Bb7 4. e4 Bb4 5. Bd3 Bxc3+ 6. bxc3 Qe7 7. Ne2 d6 8.
O-O Nd7 9. f4 f6 10. Ng3 O-O-O 11. Bd2 g6 12. Qe2 f5 13. a4 a5 14. Rfb1 fxe4
15. Bxe4 Ngf6 16. Bxb7+ Kxb7 17. Rb5 c6 18. Rb2 Rhe8 19. Rab1 Kc7 20. c5 dxc5
21. dxc5 Nd5 22. cxb6+ Kb7 23. c4 N5f6 24. Kh1 Qc5 25. Be3 Qe7 26. Qe1 Ra8 27.
Qc3 Ng4 28. Bg1 Qf6 29. Qd2 Qe7 30. Ne4 Ndf6 31. Nd6+ Kb8 32. Nxe8 Nxe8 33. b7
Ra6 34. Qe2 Nc7 35. Qe4 Nf6 36. Qd4 c5 37. Qxc5 Qxc5 38. Bxc5 Rc6 39. Ba7+ 1-0

[Event "Grenoble-Besancon TPG II"]
[Site "Grenoble"]
[Date "2007.10.21"]
[Round "1.5"]
[White "Forgues, Fabien"]
[Black "Poignot, Quentin"]
[Result "1/2-1/2"]
[WhiteElo "2125"]
[BlackElo "2022"]
[PlyCount "126"]
[EventDate "2007.10.21"]
[SourceDate "2007.10.27"]

1. e4 c5 2. Nf3 d6 3. d4 cxd4 4. Nxd4 Nf6 5. f3 g6 6. c4 Bg7 7. Nc3 Nc6 8. Be3
O-O 9. Qd2 Bd7 10. Be2 Nxd4 11. Bxd4 Bc6 12. O-O Nd7 13. Bxg7 Kxg7 14. Rad1 a5
15. Kh1 Nc5 16. Qe3 Qb6 17. e5 dxe5 18. Qxe5+ Kg8 19. Nd5 Bxd5 20. Rxd5 Rac8
21. Rfd1 e6 22. Rd6 Qc7 23. Qd4 b6 24. f4 Rfe8 25. b3 Re7 26. Bf3 Rce8 27. Bc6
Rf8 28. Qe3 Rb8 29. a3 Nb7 30. Bxb7 Qxb7 31. Qd4 Qc7 32. h3 h6 33. Qe5 Kh7 34.
Qd4 Kg8 35. b4 Kh7 36. c5 bxc5 37. bxc5 Rbe8 38. Qe5 Rc8 39. c6 Kg8 40. Qd4
Rce8 41. Qc5 Rb8 42. Qc1 Rc8 43. Kh2 Ree8 44. Qc4 Kg7 45. Qd4+ Kg8 46. Qf6 Rf8
47. Qd4 Rfe8 48. Rd2 Rf8 49. Qe5 Rb8 50. Rxe6 Qxe5 51. Rxe5 Rfc8 52. Rc2 Rb6
53. Rec5 Rc7 54. Kg3 Kf8 55. Rxa5 Rcxc6 56. Rxc6 Rxc6 57. Ra7 Kg7 58. a4 Rc3+
59. Kf2 Ra3 60. a5 Kf6 61. a6 Kg7 62. Ke2 Kf6 63. Ra8 Kf5 1/2-1/2

[Event "Grenoble-Besancon TPG II"]
[Site "Grenoble"]
[Date "2007.10.21"]
[Round "1.6"]
[White "Kharmoudi, Slimane"]
[Black "Broca, Alexandre"]
[Result "1-0"]
[WhiteElo "2078"]
[BlackElo "2140"]
[PlyCount "80"]
[EventDate "2007.10.21"]
[SourceDate "2007.10.27"]

1. e4 e5 2. Nf3 Nc6 3. d4 exd4 4. Nxd4 Nf6 5. Nxc6 bxc6 6. e5 Qe7 7. Qe2 Nd5 8.
c4 Nb6 9. b3 Bb7 10. Bb2 O-O-O 11. Qe3 Qc5 12. Qxc5 Bxc5 13. Bd3 d5 14. cxd5
Kb8 15. O-O cxd5 16. Nd2 Nd7 17. a3 Bb6 18. b4 c5 19. Nf3 h6 20. Bc2 Nf8 21.
bxc5 Bxc5 22. Bd4 Rc8 23. Bb3 Ne6 24. Rfd1 g5 25. h3 Rhd8 26. g3 Nxd4 27. Nxd4
Re8 28. Nf3 d4 29. Nxd4 Rxe5 30. Nb5 Bxf2+ 31. Kxf2 Rxb5 32. Rab1 Rf5+ 33. Kg1
Rcc5 34. Rd7 Kc8 35. Rxb7 Kxb7 36. Bc2+ Kc7 37. Bxf5 Rxf5 38. Kg2 h5 39. Rb4 a5
40. Rb3 f6 1-0

[Event "Grenoble-Besancon TPG II"]
[Site "Grenoble"]
[Date "2007.10.21"]
[Round "1.7"]
[White "Calin, Miguel"]
[Black "Ferrier, David"]
[Result "1-0"]
[WhiteElo "2012"]
[BlackElo "1987"]
[PlyCount "61"]
[EventDate "2007.10.21"]
[SourceDate "2007.10.27"]

1. d4 c5 2. c3 Nf6 3. Nf3 d5 4. e3 e6 5. Bd3 Nc6 6. O-O Be7 7. Nbd2 O-O 8. Qe2
cxd4 9. exd4 Qc7 10. Ne5 Nxe5 11. dxe5 Nd7 12. Re1 g6 13. Nf3 b6 14. Bh6 Re8
15. Rad1 Bb7 16. h4 Nc5 17. h5 Nxd3 18. Qxd3 Rac8 19. hxg6 hxg6 20. Ng5 Qd8 21.
Nxe6 Qd7 22. Nd4 Qg4 23. e6 f5 24. Qf3 Qh4 25. Bf4 Kg7 26. Bg3 Qh7 27. Be5+ Bf6
28. Qg3 g5 29. Bxf6+ Kxf6 30. Qe5+ Ke7 31. Nxf5+ 1-0

[Event "Grenoble-Besancon TPG II"]
[Site "Grenoble"]
[Date "2007.10.02"]
[Round "1.8"]
[White "Jeannerot, Lea"]
[Black "Hourlier, Claire"]
[Result "0-1"]
[WhiteElo "1994"]
[BlackElo "1895"]
[PlyCount "80"]
[EventDate "2007.10.21"]
[SourceDate "2007.10.27"]

1. e4 c5 2. Nc3 Nc6 3. g3 g6 4. Bg2 Bg7 5. d3 d6 6. Nge2 e6 7. O-O Nge7 8. Be3
O-O 9. Qd2 Nd4 10. Nd1 Bd7 11. c3 Nxe2+ 12. Qxe2 Nc6 13. Qd2 Ne5 14. f4 Ng4 15.
d4 Nxe3 16. Nxe3 cxd4 17. cxd4 Qb6 18. e5 Bb5 19. Rfe1 Rfd8 20. a4 Ba6 21. a5
Qb5 22. Bf1 Qd7 23. Bxa6 bxa6 24. Qe2 Qb5 25. Ng4 dxe5 26. dxe5 Rab8 27. Qxb5
Rxb5 28. Reb1 Rd2 29. Ra2 Bf8 30. Nf6+ Kh8 31. Ne4 Rc2 32. Ng5 Bc5+ 33. Kh1 Kg7
34. Rd1 h6 35. Ne4 Bb4 36. Rd7 Rd5 37. Rxd5 exd5 38. Nd6 d4 39. Ra1 d3 40. Ne4
d2 0-1

[Event "Bischwiller II-Reims Echec et Mat"]
[Site "Reims"]
[Date "2007.10.21"]
[Round "1.1"]
[White "Dobosz, Henryk"]
[Black "Camus, Berenger"]
[Result "1-0"]
[WhiteElo "2428"]
[BlackElo "2157"]
[PlyCount "53"]
[EventDate "2007.10.21"]
[SourceDate "2007.10.27"]

1. d4 Nf6 2. Nf3 e6 3. e3 b6 4. Bd3 Bb7 5. O-O c5 6. c4 Nc6 7. Nc3 Be7 8. d5
Nb4 9. e4 Nxd3 10. Qxd3 exd5 11. cxd5 d6 12. Nd2 Qd7 13. a4 O-O 14. Nc4 Ng4 15.
Bf4 f6 16. Qh3 Ba6 17. Nb5 Bxb5 18. axb5 Qxb5 19. Nxd6 Bxd6 20. Bxd6 Rfd8 21.
Bc7 Rdc8 22. d6 Ne5 23. Rxa7 Rxa7 24. Qxc8+ Kf7 25. Qh3 Ra2 26. f4 Ng6 27. d7
1-0

[Event "Bischwiller II-Reims Echec et Mat"]
[Site "Reims"]
[Date "2007.10.21"]
[Round "1.2"]
[White "Oudot, Jean Baptiste"]
[Black "Saatdjian, Thomas"]
[Result "0-1"]
[WhiteElo "2104"]
[BlackElo "2295"]
[PlyCount "70"]
[EventDate "2007.10.21"]
[SourceDate "2007.10.27"]

1. e4 c5 2. Nf3 d6 3. d4 cxd4 4. Nxd4 Nf6 5. Nc3 a6 6. Be3 e5 7. Nf3 Be7 8. Bc4
O-O 9. Bg5 Be6 10. Bb3 Nc6 11. O-O Na5 12. Bxf6 Bxf6 13. Qd3 Rc8 14. Rfd1 Nxb3
15. axb3 Rc6 16. Nd2 b5 17. b4 Qc8 18. Ndb1 Rd8 19. Na3 Rd7 20. Nd5 Bd8 21. c3
Rb7 22. Nc2 f5 23. f3 f4 24. g3 g5 25. gxf4 gxf4 26. Kf2 Kh8 27. Rg1 Rg7 28.
Ke1 Bh4+ 29. Ke2 Qb7 30. Nd4 Qa7 31. Qxb5 axb5 32. Rxa7 exd4 33. Ra8+ Rc8 34.
Rxc8+ Bxc8 35. cxd4 Be6 0-1

[Event "Bischwiller II-Reims Echec et Mat"]
[Site "Reims"]
[Date "2007.10.21"]
[Round "1.3"]
[White "Genzling, Alain"]
[Black "Varoquier, Romain"]
[Result "1/2-1/2"]
[WhiteElo "2279"]
[BlackElo "2071"]
[PlyCount "104"]
[EventDate "2007.10.21"]
[SourceDate "2007.10.27"]

1. e4 e5 2. Nf3 Nc6 3. Bb5 a6 4. Bxc6 dxc6 5. O-O f6 6. d4 exd4 7. Nxd4 c5 8.
Ne2 Qxd1 9. Rxd1 Bd7 10. Nbc3 O-O-O 11. Be3 Re8 12. Rd2 Bc6 13. Rad1 b6 14. f3
Ne7 15. Nf4 Ng6 16. Ncd5 Ne5 17. b3 c4 18. Bd4 Kb7 19. Ne3 cxb3 20. axb3 g6 21.
Nfd5 Bg7 22. c4 a5 23. Ra2 Rhf8 24. c5 Bxd5 25. Nxd5 Nc6 26. Bf2 b5 27. Bg3 Rf7
28. Rad2 Bf8 29. Rc2 Rd8 30. Rcc1 f5 31. exf5 Rfd7 32. Bh4 Rxd5 33. Bxd8 Rxd8
34. Rxd8 Nxd8 35. fxg6 hxg6 36. h4 Kc6 37. g4 Bxc5+ 38. Kg2 Ne6 39. Kg3 Kd7 40.
g5 Bd6+ 41. Kg4 a4 42. bxa4 bxa4 43. Ra1 a3 44. h5 gxh5+ 45. Kxh5 Ke7 46. Kg6
Nf4+ 47. Kh7 Kf7 48. Ra2 Bb4 49. Rc2 c5 50. Kh6 Ng6 51. Kh7 Nf8+ 52. Kh6 Ng6
1/2-1/2

[Event "Bischwiller II-Reims Echec et Mat"]
[Site "Reims"]
[Date "2007.10.21"]
[Round "1.4"]
[White "Garcia, Gilles"]
[Black "Lutz, Eric"]
[Result "0-1"]
[WhiteElo "2016"]
[BlackElo "2209"]
[PlyCount "52"]
[EventDate "2007.10.21"]
[SourceDate "2007.10.27"]

1. d4 e6 2. e4 d5 3. Nc3 Nf6 4. Bd3 c5 5. e5 cxd4 6. Nb5 Nfd7 7. Nf3 Nc6 8. Qe2
Bc5 9. c3 dxc3 10. bxc3 a6 11. Nbd4 Qc7 12. Bf4 Bxd4 13. cxd4 Nxd4 14. Qb2
Nxf3+ 15. gxf3 Nc5 16. Bc2 Bd7 17. Rc1 Bb5 18. Qd4 Rc8 19. Kd1 Qa5 20. Bb3 O-O
21. Rxc5 Rxc5 22. Bd2 Qc7 23. Qf4 Rc8 24. Re1 Rc2 25. a4 Bd3 26. Qe3 Rc3 0-1